Atlas of 20th century warfare / (Record no. 3154)

000 -LEADER
fixed length control field 01321cem a2200397 4500
001 - CONTROL NUMBER
control field 272207
003 - CONTROL NUMBER IDENTIFIER
control field OSt
005 - DATE AND TIME OF LATEST TRANSACTION
control field 20160906120628.0
007 - PHYSICAL DESCRIPTION FIXED FIELD--GENERAL INFORMATION
fixed length control field ad canzn
008 - FIXED-LENGTH DATA ELEMENTS--GENERAL INFORMATION
fixed length control field 921130s1991 stk e 1 eng
010 ## - LIBRARY OF CONGRESS CONTROL NUMBER
LC control number 93676500
020 ## - INTERNATIONAL STANDARD BOOK NUMBER
International Standard Book Number 0004350618
034 0# - CODED CARTOGRAPHIC MATHEMATICAL DATA
Category of scale a
040 ## - CATALOGING SOURCE
Original cataloging agency DLC
Transcribing agency DLC
Modifying agency DLC
050 00 - LIBRARY OF CONGRESS CALL NUMBER
Classification number G1035.D66 1982
052 ## - GEOGRAPHIC CLASSIFICATION
Geographic classification area code 3201
082 00 - DEWEY DECIMAL CLASSIFICATION NUMBER
Classification number 909.82/022/3
Edition number 20
100 1# - MAIN ENTRY--PERSONAL NAME
Personal name Natkiel, Richard
Fuller form of name (Michael L.)
245 10 - TITLE STATEMENT
Title Atlas of 20th century warfare /
Statement of responsibility, etc Richards, Natkiel
255 ## - CARTOGRAPHIC MATHEMATICAL DATA
Statement of scale Scales differ.
260 ## - PUBLICATION, DISTRIBUTION, ETC. (IMPRINT)
Place of publication, distribution, etc Bison Books Ltd:
Name of publisher, distributor, etc England
Date of publication, distribution, etc 1982.
300 ## - PHYSICAL DESCRIPTION
Extent various (256 p.) :
Other physical details col. ill., col. maps ;
Dimensions 26 cm.
500 ## - GENERAL NOTE
General note At head of title: Collins.
500 ## - GENERAL NOTE
General note "Maps produced by Lovell Johns Ltd., Alan Mais"--T.p. verso.
500 ## - GENERAL NOTE
General note "An Ilex book"--T.p. verso.
504 ## - BIBLIOGRAPHY, ETC. NOTE
Bibliography, etc Includes bibliographical references (p. 156), chronologies, glossary, and index.
650 #0 - SUBJECT ADDED ENTRY--TOPICAL TERM
Topical term or geographic name as entry element History, Modern
Chronological subdivision 20th century
Form subdivision Maps.
650 #0 - SUBJECT ADDED ENTRY--TOPICAL TERM
Topical term or geographic name as entry element Historical geography
Form subdivision Maps.
700 1# - ADDED ENTRY--PERSONAL NAME
Personal name Mais, Alan.
710 2# - ADDED ENTRY--CORPORATE NAME
Corporate name or jurisdiction name as entry element Lovell Johns Ltd.
740 0# - ADDED ENTRY--UNCONTROLLED RELATED/ANALYTICAL TITLE
Uncontrolled related/analytical title Collins atlas of twentieth century world history.
740 0# - ADDED ENTRY--UNCONTROLLED RELATED/ANALYTICAL TITLE
Uncontrolled related/analytical title Atlas of 20th century world history.
906 ## - LOCAL DATA ELEMENT F, LDF (RLIN)
a 7
b cbc
c orignew
d 2
e ncip
f 19
g y-geogmaps
942 ## - ADDED ENTRY ELEMENTS (KOHA)
Source of classification or shelving scheme
Koha item type Maps
Holdings
Withdrawn status Lost status Source of classification or shelving scheme Damaged status Not for loan Home library Current library Shelving location Date acquired Total Checkouts Full call number Barcode Date last seen Copy number Price effective from Koha item type
          Riara University Library Riara University Library General stack 06/09/2016   G1035.D66 1982 8189/16 05/01/2017 C.1 06/09/2016 Maps

Riara University Library,
P.O. Box 49940-00100,
Nairobi, Kenya.